00334nam a2200121Ia 4500008004000000020001800040082001700058100001700075245005500092260003400147300001100181650002000192210210b1998 xxu||||| |||| 00| 0 eng d a81 7099 711 9 a324.954 AHUE aAHUJA (M L). aElectoral politics and general elections in India. aNDbMittal Publicationsc1998 aix,412 aIndia elections